maths quiz - Statistics

General Stats
  • This quiz has been taken 442 times
  • The average score is 13 of 15
Answer Stats
Hint Answer % Correct
4x7 28
100%
9x9 81
98%
12x9 108
96%
12x12 144
96%
50x12 600
94%
7x13 91
94%
45x30 1350
92%
15x15 225
88%
14x14 196
87%
15x13 195
84%
17x17 289
83%
16x16 256
81%
19x19 361
80%
19x18 342
78%
17x17x4 1156
70%
No matching quizzes found
Score Distribution
Percent of People with Each Score
Percentile by Number Answered
Your Score History
You have not taken this quiz